[Event "22nd TCh-SLO 2012"]
[Site "Slovenia SLO"]
[Date "2012.11.25"]
[Round "3"]
[White "Mohr,G"]
[Black "Praznik,N"]
[Result "1/2-1/2"]
[WhiteTitle "GM"]
[BlackTitle "FM"]
[WhiteElo "2483"]
[BlackElo "2294"]
[WhiteTeam "ZSK Maribor"]
[BlackTeam "SD Vrhnika"]
[WhiteFideId "14600013"]
[BlackFideId "14601621"]
[EventDate "2012.11.23"]

1. g3 g6 2. Bg2 Bg7 3. Nf3 c5 4. O-O Nc6 5. e4 e5 6. c3 Nge7 7. Na3 O-O 8. Re1
d6 9. Nc2 f5 10. d3 h6 11. b4 cxb4 12. cxb4 fxe4 13. dxe4 Bg4 14. b5 Bxf3 15.
Bxf3 Nd4 16. Nxd4 exd4 17. Bg2 Qb6 18. a4 a6 19. Rb1 Kh8 20. Bd2 axb5 21. Rxb5
Qa6 22. e5 dxe5 23. Rxb7 Ra7 24. Qb3 Nf5 25. a5 Rxb7 26. Qxb7 Qf6 27. Rf1 Nd6
28. Qd5 Nf5 29. Qc6 Qf7 30. a6 Qa2 31. Qb7 Qxd2 32. a7 Qa2 33. a8=Q Rxa8 34.
Qxa8+ Qxa8 35. Bxa8 Bf8 36. Re1 Bd6 37. Be4 Kg7 38. Kf1 Kf6 39. Ke2 Ng7 40. Ra1
Nf5 41. Kd3 Bf8 42. Kc4 Ke6 43. Bxf5+ Kxf5 44. f3 Bg7 45. Kd5 g5 46. h3 h5 47.
Rg1 d3 48. Rd1 h4 49. gxh4 gxh4 50. Rxd3 Kf4 51. Rd1 Kxf3 52. Rg1 Bh6 53. Kxe5
Bf4+ 54. Kf5 Bg3 55. Rb1 Ke3 56. Rb4 Kd3 57. Re4 Bf2 58. Kf4 Bg3+ 59. Kf3 Kc3
60. Ke2 Kb3 61. Kd3 Bf2 62. Rc4 Bg3 63. Rc8 Kb4 64. Ke4 Kb5 65. Kf3 Kb6 66. Kg2
Bc7 67. Kf3 Kc6 68. Kg4 Kd7 69. Rh8 Bg3 70. Kf5 Ke7 71. Rh7+ Kd6 72. Rg7 Bf2 73.
Rg6+ Kd7 74. Re6 Bg3 75. Kf6 Bf2 76. Re2 Bg3 77. Rd2+ Kc6 78. Kf5 Kc5 79. Ke6
Bf4 80. Rd5+ Kc4 81. Ra5 Bg3 82. Kf5 Kd4 83. Ra8 Kd5 84. Rd8+ Kc6 85. Ke4 Kc7
86. Rd5 Kc6 87. Kd4 Bf2+ 88. Kc4 Bg3 89. Rd1 Be5 1/2-1/2

[Event "22nd TCh-SLO 2012"]
[Site "Slovenia SLO"]
[Date "2012.11.25"]
[Round "3"]
[White "Justin,M"]
[Black "Sakelsek,T"]
[Result "0-1"]
[WhiteTitle "FM"]
[BlackTitle "IM"]
[WhiteElo "2323"]
[BlackElo "2438"]
[WhiteTeam "SD Vrhnika"]
[BlackTeam "ZSK Maribor"]
[WhiteFideId "14600242"]
[BlackFideId "14603683"]
[EventDate "2012.11.23"]

1. d4 Nf6 2. c4 e6 3. g3 c5 4. Nf3 cxd4 5. Nxd4 d5 6. Bg2 e5 7. Nf3 d4 8. O-O
Nc6 9. e3 Be7 10. exd4 exd4 11. Re1 O-O 12. Ne5 Nxe5 13. Rxe5 Be6 14. b3 Qc7 15.
Re1 Rad8 16. Bf4 Qc8 17. Nd2 Rfe8 18. a3 h6 19. h4 b6 20. Nf3 d3 21. Qd2 Ng4 22.
Ne5 Bf6 23. Nxg4 Bxg4 24. Rxe8+ Rxe8 25. Re1 Re2 26. Rxe2 dxe2 27. Be3 Qf5 28.
Qe1 Qd3 29. Bd2 Qxb3 0-1

[Event "22nd TCh-SLO 2012"]
[Site "Slovenia SLO"]
[Date "2012.11.25"]
[Round "3"]
[White "Horvath,Ta1"]
[Black "Borisek,J"]
[Result "0-1"]
[WhiteTitle "IM"]
[BlackTitle "GM"]
[WhiteElo "2390"]
[BlackElo "2560"]
[WhiteTeam "SD Rokada Lendava"]
[BlackTeam "SD Tehcenter Ptuj"]
[WhiteFideId "700185"]
[BlackFideId "14603152"]
[EventDate "2012.11.23"]

1. e4 e5 2. Nf3 Nc6 3. Bb5 a6 4. Ba4 Nf6 5. O-O Be7 6. Bxc6 dxc6 7. Nc3 Nd7 8.
d4 exd4 9. Nxd4 O-O 10. h3 Re8 11. Bf4 Nc5 12. Re1 a5 13. Qd2 Bf8 14. Rad1 Qe7
15. Qe3 Ne6 16. Nxe6 Bxe6 17. Qg3 Rac8 18. Re3 Red8 19. Rxd8 Qxd8 20. Rd3 Qe7
21. a3 b5 22. Re3 Qc5 23. Re2 b4 24. axb4 axb4 25. Nd1 Qa7 26. Rd2 c5 27. b3 c4
28. bxc4 Bxc4 29. Ne3 Be6 30. Be5 Kh8 31. Qg5 Qa8 32. Nf5 f6 33. Bxf6 Bxf5 34.
Qxf5 gxf6 35. f4 Bg7 36. Rd7 c5 37. h4 Rd8 38. Rc7 Qa1+ 39. Kh2 Qe1 40. Qg4 Rg8
41. Qf5 Qxh4+ 42. Kg1 Bf8 0-1

[Event "22nd TCh-SLO 2012"]
[Site "Slovenia SLO"]
[Date "2012.11.25"]
[Round "3"]
[White "Vidic,B"]
[Black "Podkriznik,G"]
[Result "0-1"]
[BlackTitle "FM"]
[WhiteElo "2041"]
[BlackElo "2334"]
[WhiteTeam "SD Rokada Lendava"]
[BlackTeam "SD Tehcenter Ptuj"]
[WhiteFideId "14605481"]
[BlackFideId "14601893"]
[EventDate "2012.11.23"]

1. d4 Nf6 2. g3 d5 3. Bg2 c6 4. Nf3 Bf5 5. O-O e6 6. b3 Nbd7 7. Bb2 Be7 8. Nbd2
Ne4 9. Nxe4 Bxe4 10. Bh3 O-O 11. Nd2 Bg6 12. Bg2 Nf6 13. f3 Qa5 14. a3 c5 15.
Kh1 cxd4 16. Bxd4 Qc7 17. c4 Rfd8 18. Bf2 dxc4 19. bxc4 Bc5 20. Qe1 Bxf2 21.
Rxf2 e5 22. e4 Nd7 23. Qe3 b6 24. Bf1 Nc5 25. Nb3 Nxb3 26. Qxb3 Qc5 27. Raa2 Rd4
28. Qb5 Qc7 29. Rac2 Rc8 30. Rc3 Qc5 31. Rfc2 f5 32. Bh3 Rd1+ 0-1

[Event "22nd TCh-SLO 2012"]
[Site "Slovenia SLO"]
[Date "2012.11.25"]
[Round "3"]
[White "Roskar,R"]
[Black "Gerencer,J"]
[Result "1-0"]
[WhiteTitle "FM"]
[BlackTitle "FM"]
[WhiteElo "2284"]
[BlackElo "2025"]
[WhiteTeam "SD Tehcenter Ptuj"]
[BlackTeam "SD Rokada Lendava"]
[WhiteFideId "14601850"]
[BlackFideId "14601257"]
[EventDate "2012.11.23"]

1. e4 d5 2. exd5 Qxd5 3. Nc3 Qa5 4. d4 Nf6 5. Nf3 c6 6. Bc4 Bg4 7. h3 Bxf3 8.
Qxf3 e6 9. O-O Bd6 10. Ne4 Nxe4 11. Qxe4 O-O 12. Bxe6 Re8 13. Qf5 Qxf5 14. Bxf5
g6 15. Bg4 Na6 16. Bg5 Kg7 17. Bd2 Re4 18. c3 Rae8 19. Rfe1 Nc7 20. Kf1 Nd5 21.
g3 h6 22. Rxe4 Rxe4 23. Re1 Rxe1+ 24. Kxe1 f5 25. Bf3 g5 26. Ke2 Kf6 27. Kd3 Nc7
28. c4 Ke6 29. Ba5 Kd7 30. Bc3 Ke6 31. g4 Be7 32. gxf5+ Kxf5 33. Bg4+ Kg6 34.
Bc8 b6 35. Bd7 c5 36. d5 Bd6 37. Ke4 Kf7 38. Kf5 Bf4 39. Bf6 a6 40. a4 Bh2 41.
Bc6 Bf4 42. Be5 Bxe5 43. Kxe5 Ne8 44. Bxe8+ Kxe8 45. Kf6 1-0

[Event "22nd TCh-SLO 2012"]
[Site "Slovenia SLO"]
[Date "2012.11.25"]
[Round "3"]
[White "Ruck,R1"]
[Black "Brumen,D"]
[Result "1/2-1/2"]
[WhiteTitle "GM"]
[BlackTitle "IM"]
[WhiteElo "2568"]
[BlackElo "2357"]
[WhiteTeam "SD Radenska Pomgrad"]
[BlackTeam "SK Triglav Krsko"]
[WhiteFideId "705713"]
[BlackFideId "14501490"]
[EventDate "2012.11.23"]

1. Nf3 Nf6 2. c4 c6 3. d4 d5 4. Nc3 e6 5. Bg5 Nbd7 6. e3 Qa5 7. cxd5 exd5 8. Bd3
Ne4 9. Qc2 Nxg5 10. Nxg5 h6 11. Nf3 Bd6 12. O-O O-O 13. Rae1 Qd8 14. h3 Bb4 15.
a3 Be7 16. e4 dxe4 17. Nxe4 Nf6 18. Bc4 Nd5 19. Ba2 Bf5 20. Nf6+ Bxf6 21. Qxf5
Qb6 22. Qd3 Rad8 23. b4 a5 24. Rb1 axb4 25. Bxd5 Rxd5 26. Rxb4 Qa7 27. Rfb1 b5
28. Qc2 Bxd4 29. Nxd4 Rxd4 30. Rxd4 Qxd4 31. Qxc6 Qd3 32. Qxb5 Qxa3 1/2-1/2

[Event "22nd TCh-SLO 2012"]
[Site "Slovenia SLO"]
[Date "2012.11.25"]
[Round "3"]
[White "Mestrovic,Z"]
[Black "Gjuran,D"]
[Result "1/2-1/2"]
[WhiteTitle "IM"]
[BlackTitle "FM"]
[WhiteElo "2320"]
[BlackElo "2336"]
[WhiteTeam "SK Triglav Krsko"]
[BlackTeam "SD Radenska Pomgrad"]
[WhiteFideId "14602059"]
[BlackFideId "14603373"]
[EventDate "2012.11.23"]

1. e4 c5 2. c3 d5 3. exd5 Qxd5 4. Nf3 e6 5. d4 Nf6 6. Bd3 Be7 7. O-O O-O 8. Qe2
Nc6 9. Rd1 cxd4 10. cxd4 Rd8 11. Nc3 Qh5 12. h3 Nb4 13. Bb1 b6 14. a3 Nbd5 15.
Nxd5 Qxd5 16. Ba2 Qe4 17. Qf1 Bb7 18. Bb1 Qd5 19. Ba2 Qe4 20. Bb1 Qd5 21. Ba2
Qe4 1/2-1/2

[Event "22nd TCh-SLO 2012"]
[Site "Slovenia SLO"]
[Date "2012.11.25"]
[Round "3"]
[White "Cigan,S"]
[Black "Kos,T"]
[Result "1/2-1/2"]
[WhiteTitle "IM"]
[BlackTitle "IM"]
[WhiteElo "2374"]
[BlackElo "2328"]
[WhiteTeam "SD Radenska Pomgrad"]
[BlackTeam "SK Triglav Krsko"]
[WhiteFideId "14600064"]
[BlackFideId "14601508"]
[EventDate "2012.11.23"]

1. e4 c5 2. d4 cxd4 3. c3 d3 4. Nf3 d6 5. Bxd3 Nf6 6. O-O e5 7. h3 Be7 8. c4 Be6
9. Nc3 Nbd7 10. Be3 a6 11. Qe2 O-O 12. Ng5 Rc8 13. b4 Nb6 14. Nxe6 fxe6 15. Rac1
Nbd7 16. Rfd1 Qe8 17. a3 Kh8 18. Bb1 Qg6 19. f4 Qh5 20. f5 Qxe2 21. Nxe2 exf5
22. exf5 a5 23. g4 h6 24. Ng3 axb4 25. axb4 d5 26. cxd5 Rxc1 27. Bxc1 Bxb4 28.
Bb2 Rc8 29. Kg2 Rc4 30. d6 Rc6 31. Ne4 Rb6 32. Ba1 Ra6 33. Bd3 Ra2+ 34. Kf3 Ra3
35. Ke2 Ra2+ 36. Kf3 Ra3 37. Ke2 Ra2+ 38. Kf3 Ra3 39. Nxf6 gxf6 40. Ke2 Ra2+ 41.
Kf1 Ra5 42. Bc4 Ra8 43. Be6 Rd8 44. Rb1 Bxd6 45. Rxb7 Nc5 46. Rf7 Rf8 47. Rxf8+
Bxf8 48. Bc4 Ne4 49. Kg2 Bc5 50. Bd5 Nd6 51. Bc3 Kg7 52. Bd2 h5 1/2-1/2

[Event "22nd TCh-SLO 2012"]
[Site "Slovenia SLO"]
[Date "2012.11.25"]
[Round "3"]
[White "Bozic,Ma"]
[Black "Buzeti,J"]
[Result "1-0"]
[BlackTitle "FM"]
[WhiteElo "2086"]
[BlackElo "2271"]
[WhiteTeam "SK Triglav Krsko"]
[BlackTeam "SD Radenska Pomgrad"]
[WhiteFideId "14601338"]
[BlackFideId "14604477"]
[EventDate "2012.11.23"]

1. e4 c5 2. Nf3 d6 3. d4 cxd4 4. Nxd4 Nf6 5. Nc3 a6 6. Be2 e6 7. O-O Be7 8. f4
Qc7 9. Bf3 O-O 10. Kh1 Nc6 11. Nxc6 bxc6 12. g4 Re8 13. Qe1 Nd7 14. Qg3 Bf8 15.
Bg2 Bb7 16. f5 c5 17. Bf4 Nf6 18. Rad1 Rad8 19. Bg5 Be7 20. e5 dxe5 21. Bxf6
Bxf6 22. g5 Be7 23. f6 Bf8 24. fxg7 Bxg7 25. Ne4 Bxe4 26. Bxe4 Rxd1 27. Rxd1 Rd8
28. Rf1 Rd4 29. Qf3 Qd7 30. c3 Rd2 31. Qh5 Rxb2 32. a4 a5 33. Qxh7+ Kf8 34. Qh5
Kg8 35. Qf3 Rd2 36. Qh5 Rb2 37. Qf3 Rd2 38. Bc6 e4 39. Bxe4 Be5 40. Rf2 Rxf2 41.
Qxf2 Qd1+ 42. Qg1 Qxa4 43. Qe1 Bxc3 44. Qe2 Qa1+ 45. Kg2 Bd4 46. h4 a4 47. Kh3
a3 48. g6 a2 49. gxf7+ Kf8 50. Qb5 Qc3+ 51. Kg4 Kxf7 52. Qd7+ Kf6 53. Qd8+ Ke5
54. Bg2 c4 55. Qb8+ Kf6 56. Qf8+ Ke5 57. Qf4# 1-0

[Event "22nd TCh-SLO 2012"]
[Site "Slovenia SLO"]
[Date "2012.11.25"]
[Round "3"]
[White "Markus,Rob"]
[Black "Solak,D"]
[Result "1/2-1/2"]
[WhiteTitle "GM"]
[BlackTitle "GM"]
[WhiteElo "2619"]
[BlackElo "2597"]
[WhiteTeam "SK Nova Gorica"]
[BlackTeam "SD dr. Milan Vidmar LJ"]
[WhiteFideId "921637"]
[BlackFideId "916811"]
[EventDate "2012.11.23"]

1. d4 c6 2. c4 d5 3. Nf3 Nf6 4. e3 Bf5 5. Nc3 e6 6. Nh4 Be4 7. f3 Bg6 8. Qb3 Qc7
9. Bd2 Be7 10. Rc1 Ne4 11. fxe4 Bxh4+ 12. g3 dxc4 13. Qxc4 Be7 14. Bg2 Nd7 15.
O-O Rd8 16. Rf2 Nf6 17. Qe2 Bh5 18. Bf3 Bxf3 19. Qxf3 O-O 20. e5 Nd5 21. Qg4 Qd7
22. Ne4 f5 23. exf6 Nxf6 24. Nxf6+ Rxf6 25. Rcf1 Rxf2 26. Rxf2 Rf8 27. Rxf8+
Bxf8 28. Qe4 Qd5 29. Qxd5 exd5 30. Kg2 Kf7 31. Kf3 Ke6 32. g4 b6 33. b4 Be7 34.
Be1 Bf6 35. Ke2 1/2-1/2

[Event "22nd TCh-SLO 2012"]
[Site "Slovenia SLO"]
[Date "2012.11.25"]
[Round "3"]
[White "Kovacevic,A"]
[Black "Srebrnic,M"]
[Result "1-0"]
[WhiteTitle "GM"]
[BlackTitle "FM"]
[WhiteElo "2560"]
[BlackElo "2378"]
[WhiteTeam "SD dr. Milan Vidmar LJ"]
[BlackTeam "SK Nova Gorica"]
[WhiteFideId "903124"]
[BlackFideId "14603616"]
[EventDate "2012.11.23"]

1. e4 c5 2. Nf3 Nc6 3. d4 cxd4 4. Nxd4 Nf6 5. Nc3 d6 6. f3 Bd7 7. Be3 Rc8 8. Qd2
Ne5 9. O-O-O a6 10. f4 Nc4 11. Bxc4 Rxc4 12. e5 Ng4 13. exd6 e6 14. Ne4 Nxe3 15.
Qxe3 Qb6 16. Rhe1 h5 17. Qd3 Rb4 18. b3 Qa5 19. Qc3 h4 20. Kb2 Rh5 21. a3 Rb6
22. Qc7 Be7 23. b4 Rd5 24. Nb3 Qb5 25. dxe7 1-0

[Event "22nd TCh-SLO 2012"]
[Site "Slovenia SLO"]
[Date "2012.11.25"]
[Round "3"]
[White "Miletic,De"]
[Black "Soln,P"]
[Result "1/2-1/2"]
[BlackTitle "IM"]
[WhiteElo "2272"]
[BlackElo "2382"]
[WhiteTeam "SK Nova Gorica"]
[BlackTeam "SD dr. Milan Vidmar LJ"]
[WhiteFideId "14604493"]
[BlackFideId "14601060"]
[EventDate "2012.11.23"]

1. e4 e6 2. d4 d5 3. Nd2 Nf6 4. e5 Nfd7 5. Bd3 c5 6. c3 Nc6 7. Ne2 cxd4 8. cxd4
f6 9. exf6 Qxf6 10. Nf3 h6 11. O-O Bd6 12. Be3 O-O 13. Rc1 Rd8 14. Ng3 Nf8 15.
Re1 Bd7 16. Nh5 Qf7 17. Ng3 Qf6 18. Nh5 Qf7 19. Ng3 Qf6 20. Nh5 1/2-1/2

[Event "22nd TCh-SLO 2012"]
[Site "Slovenia SLO"]
[Date "2012.11.25"]
[Round "3"]
[White "Barle,J"]
[Black "Srebrnic,A"]
[Result "1-0"]
[WhiteTitle "IM"]
[BlackTitle "WGM"]
[WhiteElo "2374"]
[BlackElo "2204"]
[WhiteTeam "SD dr. Milan Vidmar LJ"]
[BlackTeam "SK Nova Gorica"]
[WhiteFideId "14600021"]
[BlackFideId "14603314"]
[EventDate "2012.11.23"]

1. e4 e5 2. Nf3 Nf6 3. Nc3 Nc6 4. Bc4 Nxe4 5. Nxe4 d5 6. Bd3 dxe4 7. Bxe4 Bd6 8.
O-O O-O 9. Re1 Re8 10. d3 h6 11. c3 f5 12. Bd5+ Kf8 13. b4 Qf6 14. b5 Ne7 15.
Bb3 Ng6 16. Nd2 Be6 17. Nc4 Kg8 18. Qf3 Bxc4 19. Bxc4+ Kh7 20. Qxb7 e4 21. d4
Nh4 22. Kh1 Qg6 23. Bf1 1-0

[Event "22nd TCh-SLO 2012"]
[Site "Slovenia SLO"]
[Date "2012.11.25"]
[Round "3"]
[White "Guid,M"]
[Black "Skrinjar,M"]
[Result "1-0"]
[WhiteTitle "FM"]
[WhiteElo "2271"]
[BlackElo "2058"]
[WhiteTeam "SD dr. Milan Vidmar LJ"]
[BlackTeam "SK Nova Gorica"]
[WhiteFideId "14601966"]
[BlackFideId "14607263"]
[EventDate "2012.11.23"]

1. e4 e5 2. Nf3 Nc6 3. Bb5 a6 4. Ba4 Nf6 5. O-O b5 6. Bb3 Bc5 7. a4 Rb8 8. axb5
axb5 9. Nxe5 Nxe5 10. d4 Bxd4 11. Qxd4 d6 12. f4 c5 13. Qc3 Ng6 14. e5 Ne4 15.
Qd3 f5 16. exf6 Nxf6 17. Re1+ Kf8 18. Be6 d5 19. f5 Ne7 20. Bf4 Rb6 21. Ra8 Ra6
22. Rxa6 Bxa6 23. b4 c4 24. Qd4 Nd7 25. Bh6 1-0

[Event "22nd TCh-SLO 2012"]
[Site "Slovenia SLO"]
[Date "2012.11.30"]
[Round "4"]
[White "Zorko,Ju"]
[Black "Solak,D"]
[Result "0-1"]
[WhiteTitle "IM"]
[BlackTitle "GM"]
[WhiteElo "2476"]
[BlackElo "2597"]
[WhiteTeam "SD KRKA Novo mesto"]
[BlackTeam "SD dr. Milan Vidmar LJ"]
[WhiteFideId "14604051"]
[BlackFideId "916811"]
[EventDate "2012.11.23"]

1. d4 c6 2. c4 d5 3. cxd5 cxd5 4. Nc3 Nf6 5. Nf3 Nc6 6. Bf4 a6 7. e3 Bg4 8. Be2
e6 9. a3 Bd6 10. Bxd6 Qxd6 11. Nd2 Bxe2 12. Qxe2 O-O 13. Nb3 Nd7 14. O-O b5 15.
Na2 Nb6 16. Nac1 Nc4 17. Nd3 a5 18. a4 bxa4 19. Rxa4 Rfb8 20. Nbc5 e5 21. b3 Nb6
22. dxe5 Nxe5 23. Raa1 Nxd3 24. Nxd3 d4 25. exd4 Qxd4 26. Rfd1 Nd5 27. Qc2 Qc3
28. Qxc3 Nxc3 29. Re1 g6 30. Ra3 Rd8 31. Nb2 Nb5 32. Ra4 Nd4 33. Re3 Rab8 34. g3
Nxb3 35. Nd3 Rxd3 36. Rxd3 Nc5 37. Rda3 Nxa4 38. Rxa4 Rb5 39. Rc4 Rb8 40. Ra4
Ra8 41. Kf1 Kf8 42. Ke2 Ke7 43. Kd3 Kd6 44. g4 Ke5 45. Re4+ Kd6 46. Rd4+ Ke6 47.
Re4+ Kf6 48. Rf4+ Kg7 49. Ra4 g5 50. f4 h6 51. Ke4 Kf6 52. Kd5 Ra6 53. h3 gxf4
54. h4 f3 55. Rf4+ Kg6 56. Rxf3 a4 57. Ra3 f5 58. gxf5+ Kxf5 59. Kc5 Kg4 60. Kb5
Ra8 61. Kb6 h5 62. Kb7 Rf8 63. Rxa4+ Rf4 64. Ra1 Kxh4 65. Kc6 Kg3 66. Kd5 h4 67.
Ke5 h3 68. Rg1+ Kf2 69. Rh1 Rf3 70. Ke4 Kg2 71. Ra1 Rf2 72. Ra6 h2 73. Rg6+ Kf1
74. Rh6 Kg1 75. Rg6+ Rg2 0-1

[Event "22nd TCh-SLO 2012"]
[Site "Slovenia SLO"]
[Date "2012.11.30"]
[Round "4"]
[White "Soln,P"]
[Black "Zupancic,J"]
[Result "1-0"]
[WhiteTitle "IM"]
[WhiteElo "2382"]
[BlackElo "2162"]
[WhiteTeam "SD dr. Milan Vidmar LJ"]
[BlackTeam "SD KRKA Novo mesto"]
[WhiteFideId "14601060"]
[BlackFideId "14607280"]
[EventDate "2012.11.23"]

1. d4 d5 2. c4 c6 3. Nc3 Nf6 4. Nf3 a6 5. c5 b5 6. cxb6 Qxb6 7. Na4 Qc7 8. g3 e6
9. Bf4 Bd6 10. Bxd6 Qxd6 11. a3 Nbd7 12. Rc1 O-O 13. Qc2 Bb7 14. Bg2 Rac8 15.
O-O Ne4 16. Nd2 Nxd2 17. Qxd2 e5 18. dxe5 Qxe5 19. e4 Rfd8 20. exd5 cxd5 21. Qa5
Re8 22. b4 Rxc1 23. Rxc1 Nf6 24. Nc5 Bc8 25. Nxa6 Ng4 26. Nc7 Nxf2 27. Rf1 Nh3+
28. Kh1 Qe3 29. Qc5 Qxc5 30. bxc5 Re2 31. Nxd5 g6 32. c6 Kg7 33. Nb6 Be6 34. c7
Rc2 35. c8=Q Bxc8 36. Nxc8 1-0

[Event "22nd TCh-SLO 2012"]
[Site "Slovenia SLO"]
[Date "2012.11.30"]
[Round "4"]
[White "Volf,Z"]
[Black "Barle,J"]
[Result "1/2-1/2"]
[BlackTitle "IM"]
[WhiteElo "2230"]
[BlackElo "2374"]
[WhiteTeam "SD KRKA Novo mesto"]
[BlackTeam "SD dr. Milan Vidmar LJ"]
[WhiteFideId "14604949"]
[BlackFideId "14600021"]
[EventDate "2012.11.23"]

1. c4 Nc6 2. Nc3 e5 3. g3 f5 4. Bg2 Nf6 5. d3 Bb4 6. a3 Bxc3+ 7. bxc3 d6 8. Nf3
O-O 9. O-O Qe8 10. c5 Qh5 11. cxd6 cxd6 12. e4 fxe4 13. dxe4 Bg4 14. Qb3+ Kh8
15. Nh4 g5 16. Nf5 Bxf5 17. exf5 e4 18. Qd1 g4 19. Qxd6 Qxf5 20. Qf4 Qe6 21. Be3
Rae8 22. Bd4 Nxd4 23. cxd4 Nd5 24. Qd2 Nf6 25. Rfe1 Rf7 26. Rac1 b6 27. d5 Qxd5
28. Qxd5 Nxd5 29. Rxe4 Rxe4 30. Bxe4 Nf6 31. Bf5 Re7 32. Rc4 h5 33. a4 Kg7 34.
h3 gxh3 35. Bxh3 Ne4 36. Bg2 Nd2 37. Rd4 Re1+ 38. Kh2 Re2 39. Rf4 Nb3 40. Bd5
Nc5 41. Kg1 Re5 42. Rd4 Nxa4 43. Rxa4 Rxd5 1/2-1/2

[Event "22nd TCh-SLO 2012"]
[Site "Slovenia SLO"]
[Date "2012.11.30"]
[Round "4"]
[White "Jelen,Ig"]
[Black "Kaps,D"]
[Result "0-1"]
[WhiteTitle "IM"]
[BlackTitle "WGM"]
[WhiteElo "2368"]
[BlackElo "2219"]
[WhiteTeam "SD dr. Milan Vidmar LJ"]
[BlackTeam "SD KRKA Novo mesto"]
[WhiteFideId "14600668"]
[BlackFideId "14602334"]
[EventDate "2012.11.23"]

1. d4 f5 2. c4 Nf6 3. g3 g6 4. Bg2 Bg7 5. Nf3 d6 6. O-O O-O 7. Nc3 c6 8. d5 cxd5
9. cxd5 Na6 10. Be3 Bd7 11. Bd4 Qa5 12. a3 Rfc8 13. b4 Qd8 14. Qd3 Qf8 15. Rfe1
Nc7 16. Rad1 a5 17. b5 Ne4 18. Nxe4 fxe4 19. Qxe4 Nxb5 20. Qe3 Rc4 21. Bxg7 Qxg7
22. Qb6 Qf8 23. Nd4 Nc3 24. Rd3 Na4 25. Qb1 Rac8 26. Ne6 Qh6 27. Qxb7 Bxe6 28.
dxe6 Rc1 29. Rdd1 R1c7 30. Qb3 Nc3 31. Rd4 Qh5 32. Bf3 Qe5 33. Rd3 h5 34. Re3
Qd4 35. Rd3 Qf6 36. Re3 h4 37. Kg2 a4 38. Qb6 Rc5 39. Qb7 Rf8 40. Rf1 Rf5 41.
Rxc3 Qxc3 42. Qxe7 Rxf3 43. exf3 Qxf3+ 44. Kh3 Qf5+ 45. g4 Qd3+ 46. Kxh4 Qxf1
47. Kg5 Qxf2 48. h4 Qf4+ 49. Kxg6 Qxg4+ 0-1

[Event "22nd TCh-SLO 2012"]
[Site "Slovenia SLO"]
[Date "2012.11.30"]
[Round "4"]
[White "Saradjen,J"]
[Black "Rifelj,L"]
[Result "1-0"]
[WhiteElo "2137"]
[BlackElo "1881"]
[WhiteTeam "SD dr. Milan Vidmar LJ"]
[BlackTeam "SD KRKA Novo mesto"]
[WhiteFideId "14601818"]
[BlackFideId "14603462"]
[EventDate "2012.11.23"]

1. e4 d6 2. Nc3 c5 3. g3 Nc6 4. Bg2 g6 5. f4 e6 6. Nf3 Bg7 7. O-O Nge7 8. h3 O-O
9. d3 Nd4 10. Nxd4 cxd4 11. Ne2 Qb6 12. Kh2 Bd7 13. c3 dxc3 14. bxc3 d5 15. Ba3
Rfe8 16. Rb1 Qa6 17. Bxe7 Rxe7 18. exd5 exd5 19. Bxd5 Bb5 20. Nc1 Rae8 21. f5
gxf5 22. Rxf5 Bc6 23. Qf3 Bxd5 24. Qxd5 Qh6 25. Rf4 b6 26. h4 Be5 27. Rg4+ Kh8
28. Kh3 f5 29. Rg5 f4 30. Ne2 fxg3 31. Nxg3 Bf6 32. Nf5 Re3+ 33. Kg4 Bxg5 34.
Nxh6 Bxh6 35. Rf1 Bg7 36. Rf7 R3e5 37. Qd7 Rg8 38. Kf3 Ra5 39. a4 Rf8 40. d4 Kg8
41. Rxf8+ Kxf8 42. Ke4 h6 43. c4 Bf6 44. c5 bxc5 45. Qc8+ 1-0

[Event "22nd TCh-SLO 2012"]
[Site "Slovenia SLO"]
[Date "2012.11.30"]
[Round "4"]
[White "Srebrnic,M"]
[Black "Brumen,D"]
[Result "1/2-1/2"]
[WhiteTitle "FM"]
[BlackTitle "IM"]
[WhiteElo "2378"]
[BlackElo "2357"]
[WhiteTeam "SK Nova Gorica"]
[BlackTeam "SK Triglav Krsko"]
[WhiteFideId "14603616"]
[BlackFideId "14501490"]
[EventDate "2012.11.23"]

1. e4 e6 2. d4 d5 3. Nc3 Bb4 4. e5 c5 5. a3 Bxc3+ 6. bxc3 Nc6 7. Nf3 Nge7 8. a4
Bd7 9. Bd3 c4 10. Bf1 a5 11. Ba3 b5 12. axb5 Na7 13. Qd2 Nxb5 14. Bc5 h6 15. g3
a4 16. Bh3 Nc6 17. Ng1 Nb8 18. Ne2 Na6 19. Bb4 Qc7 20. O-O Nxb4 21. cxb4 c3 22.
Qd3 a3 23. Nc1 Ra4 24. Na2 O-O 25. f4 Rc8 26. f5 Qc4 27. Rfd1 Qxd3 28. Rxd3 Rc4
29. fxe6 Bxe6 30. Bf1 Rc7 31. Rdd1 Bd7 32. Rab1 Na7 33. Rb3 Bf5 34. Rc1 Nc6 35.
Rxc3 Raa7 36. g4 Bxg4 37. Rg3 Nxd4 38. Rxg4 Rxc2 39. Rxc2 Nxc2 40. b5 Rb7 41.
Kf2 h5 42. Ra4 d4 43. Ra8+ Kh7 44. Bd3+ g6 45. Bxc2 Rxb5 46. Rxa3 Rb2 47. Nc1
Rxc2+ 48. Ne2 g5 49. Rd3 Rc5 50. e6 fxe6 51. Rxd4 Kg6 52. Rd6 Kf6 53. Ke3 Re5+
54. Kf2 g4 55. Rd4 Ra5 56. Re4 Ra2 57. Rc4 Rb2 58. Ke3 Rb3+ 59. Rc3 Rb2 60. Rd3
e5 61. Rd2 Rb3+ 62. Kf2 h4 63. Kg2 Kf5 64. Nc1 Rb1 65. Rf2+ Kg5 66. Rc2 Ra1 67.
Nd3 e4 68. Rc5+ Kg6 69. Nf4+ Kf6 70. Nd5+ Ke5 71. Nb4+ Kd6 72. Rc6+ Ke5 73. Rc5+
Ke6 74. Rc6+ Kf7 75. Rc7+ Kf6 76. Rc6+ Ke5 77. Rc5+ Kd6 78. Rc6+ Kd7 79. Rg6 Rb1
80. Nd5 Rb2+ 81. Kg1 Rb1+ 82. Kg2 Rb2+ 83. Kg1 Rb1+ 1/2-1/2

[Event "22nd TCh-SLO 2012"]
[Site "Slovenia SLO"]
[Date "2012.11.30"]
[Round "4"]
[White "Stajner,S"]
[Black "Srebrnic,A"]
[Result "1-0"]
[WhiteTitle "FM"]
[BlackTitle "WGM"]
[WhiteElo "2261"]
[BlackElo "2204"]
[WhiteTeam "SK Triglav Krsko"]
[BlackTeam "SK Nova Gorica"]
[WhiteFideId "14604078"]
[BlackFideId "14603314"]
[EventDate "2012.11.23"]

1. c4 e5 2. Nc3 Nc6 3. g3 g6 4. Bg2 Bg7 5. d3 d6 6. Nd5 h5 7. Nf3 Nh6 8. Bg5 f6
9. Bd2 O-O 10. Qc1 Nf7 11. Nh4 Kh7 12. h3 f5 13. Nf3 Nd4 14. Nxd4 exd4 15. O-O
c6 16. Nf4 Bd7 17. e3 dxe3 18. Bxe3 Qf6 19. Qd2 Nd8 20. d4 Re8 21. Rad1 a5 22.
a4 Nf7 23. h4 Nh6 24. Nh3 Ng4 25. Ng5+ Kh8 26. Bf4 Qf8 27. Bxd6 Qg8 28. b3 Nh6
29. Bc7 Nf7 30. Bxa5 Nxg5 31. hxg5 Qf7 32. Bc7 Rac8 33. Bf4 b5 34. axb5 cxb5 35.
Bd5 Be6 36. Bxe6 Rxe6 37. d5 Re4 38. d6 Qd7 39. Rfe1 bxc4 40. Rxe4 fxe4 41. bxc4
Rxc4 42. Qd5 Rc8 43. Qxe4 Kh7 44. Rb1 Re8 45. Qb7 Qf5 46. d7 Rd8 47. Rd1 Qg4 48.
Qd5 h4 49. Bc7 hxg3 50. Bxd8 gxf2+ 51. Kxf2 Qh4+ 52. Ke3 Qg3+ 53. Qf3 Qe5+ 54.
Kf2 Qh2+ 55. Kf1 1-0